| 000 | 00621cab a2200229 4500 | ||
|---|---|---|---|
| 001 | X1363 | ||
| 008 | 090401t1994 xxu||||| |||| 00| 0 eng d | ||
| 035 | _a(Sirsi) u16495 | ||
| 041 | _aeng | ||
| 245 | _aMembers` affairs : Quantity Surveying | ||
| 260 | _c1994 | ||
| 350 | _a0 | ||
| 490 |
_aCSM (Chartered Surveyor Monthly) _v3(6) March 1994, 54-55(2) |
||
| 650 | _aBATS | ||
| 650 | _aBUILDING PROJECT INFORMATION COMMITTEE | ||
| 650 | _aCOORDINATED PROJECT INFORMATION | ||
| 650 | _aINSOLVENCY ACT 1986 | ||
| 650 | _aRECEIVERSHIP | ||
| 690 |
_aQuantity surveying _96263 |
||
| 942 | _n0 | ||
| 948 | _c04/03/1997 | ||
| 999 |
_c10863 _d10863 |
||